| 000 | 01347 a2200205 4500 | ||
|---|---|---|---|
| 020 | _a0170111342 | ||
| 020 | _a9780170111348 | ||
| 090 |
_c2404 _d2404 |
||
| 100 | 1 | _aSchelluch, Peter. | |
| 245 | 1 | 0 |
_aAssurance and auditing : _bconcepts for a changing environment / _cPeter Schelluch. |
| 260 |
_a[S.l.] : _bThomas Nelson Australia, _c2003. |
||
| 300 |
_a736 p. ; _c25 cm. |
||
| 500 | _aPaperback. | ||
| 520 | _a"Assurance and Auditing: Concepts for a Changing Environment" provides students with an introduction to auditing concepts and applications to comply with Australian auditing standards and institutional arrangement and requirements. Going beyond simply reciting auditing standard requirements, the text gives students the opportunity to apply practical auditing skills. Taking a business risk approach, the text explicitly discusses the link between business risk analysis and the specific audit procedures, and illustrates the link through the audit risk model. This text has been updated to incorporate the new International Accounting Standards. | ||
| 700 | 1 | _aTopple, S. J. | |
| 700 | 1 | _aJubb, Christine. | |
| 856 | 4 | 0 |
_3Amazon.com _uhttp://www.amazon.com/exec/obidos/ASIN/0170111342/chopaconline-20 |
| 856 | 4 | 0 |
_3Amazon customer reviews _uhttp://www.chopac.org/cgi-bin/tools/azrev.pl?q=0170111342 |
| 942 |
_aNBS _cBK _k657.45 SCH |
||
| 999 |
_c344902 _d344902 |
||